000 00648nam a2200229Ia 4500
003 OSt
005 20240506153208.0
008 210716s2010 xx 000 0 und d
020 _a9781594202391
040 _cAIMIT LIBRARY
041 _aeng
082 _a374.22
_21
_bLOWR
100 _aLowenstein, Roger.
_9163337
245 _aEnd of wall street /
_cBy Roger Lowenstein.
250 _a1st ed.
260 _aNew York :
_bPenguin Books ,
_c2010.
300 _axxv,339p. ;
_bHB
_c24 cm
650 _aTo the crossroads
_9163338
650 _aDesperate surge
_9163339
650 _aAbsence of fear
_9163340
942 _2ddc
_cBK
_e1st
_k374.22 LOWR
999 _c206277
_d206277